Competencias docentes del profesorado universitario: calidad y desarrollo profesional

Guardat en:
Dades bibliogràfiques
Autor principal: Zabalza, Miguel Angel (Autor)
Format: Llibre
Idioma:espanyol
Publicat: Madrid Narcea 2006
Edició:2a. ed
Col·lecció:Universitaria
Matèries:
Etiquetes: Afegir etiqueta
Sense etiquetes, Sigues el primer a etiquetar aquest registre!

MARC

LEADER 00000nam a2200000 a 4500
001 UCK8311
003 CL-VaPUC
008 060310e20060000SP |||||||||||||||||spa|d
020 |a 8427713991 
082 0 4 |a 378.12  |b ZAB  |2 21 
100 0 |a Zabalza, Miguel Angel  |e author  |9 498112 
245 1 0 |a Competencias docentes del profesorado universitario: calidad y desarrollo profesional 
250 |a 2a. ed 
300 |a 253 p 
942 |c BK 
945 |d 20060310 00:00:00  |a jtorresc 
260 |a Madrid  |b Narcea  |c 2006 
650 0 |a Profesores universitarios  |9 328378 
650 0 |a Educación superior   |9 223851 
650 0 |a Formación de docentes  |9 329378 
650 0 |a Desarrollo profesional   |9 492436 
583 |a last modification  |c 20060310 00:00:00  |k Rodrigo Vera 
490 0 |a Universitaria 
999 |c 316024  |d 316022 
952 |0 0  |1 0  |4 0  |6 378_120000000000000_ZAB_2006  |7 0  |8 A  |9 390071  |a BIBAGR  |b BIBAGR  |d 2019-11-22  |i 4210522  |o 378.12 ZAB 2006  |p 4210522  |r 2024-01-30  |w 2019-11-22  |y BK  |k AGR 
952 |0 0  |1 0  |4 0  |6 378_120000000000000_ZAB_2006  |7 0  |8 A  |9 390072  |a BIBEDU  |b BIBEDU  |d 2019-11-22  |i 4230140  |o 378.12 ZAB 2006  |p 4230140  |r 2019-11-22  |w 2019-11-22  |y BK  |k EBA 
952 |0 0  |1 0  |4 0  |6 378_120000000000000_ZAB_2006  |7 0  |8 A  |9 390073  |a BIBEDU  |b BIBEDU  |d 2019-11-22  |i 4264134  |o 378.12 ZAB 2006  |p 4264134  |r 2019-11-22  |w 2019-11-22  |y BK  |k EFI 
952 |0 0  |1 0  |4 0  |6 378_120000000000000_ZAB_2006  |7 0  |8 A  |9 390074  |a BIBEDU  |b BIBEDU  |d 2019-11-22  |i 4264142  |l 1  |o 378.12 ZAB 2006  |p 4264142  |r 2020-03-17  |s 2020-03-04  |w 2019-11-22  |y BK  |k EFI 
952 |0 0  |1 0  |4 0  |6 378_120000000000000_ZAB_2006  |7 0  |8 A  |9 390075  |a BIBING  |b BIBING  |d 2019-11-22  |i 4283295  |l 1  |o 378.12 ZAB 2006  |p 4283295  |r 2025-01-20  |s 2024-08-12  |w 2019-11-22  |y BK  |k GEO 
952 |0 0  |1 0  |4 0  |6 378_120000000000000_ZAB_2006  |7 0  |8 A  |9 390076  |a BIBEDU  |b BIBEDU  |d 2019-11-22  |i 4302710  |o 378.12 ZAB 2006  |p 4302710  |r 2019-11-22  |w 2019-11-22  |y BK  |k EFI